[Event "4th EUR-ch"]
[Site "Istanbul TUR"]
[Date "2003.06.03"]
[Round "5.67"]
[White "Tzermiadianos, Andreas"]
[Black "Shomoev, Anton"]
[Result "1/2-1/2"]
[WhiteElo "2428"]
[BlackElo "2558"]
[EventDate "2003.05.30"]
[PlyCount "37"]

1.e4 e5 2.Nf3 Nc6 3.Bc4 Bc5 4.c3 Nf6 5.d3 a6 6.Bb3 Ba7 7.O-O d6 8.Nbd2 O-O
9.Nc4 Ne7 10.Bg5 Ng6 11.Nh4 Kh8 12.Kh1 h6 13.Nxg6+ fxg6 14.Bh4 Qe8 15.f3 
g5 16.Bf2 Bxf2 17.Rxf2 g4 18.Ne3 gxf3 19.Qxf3 1/2-1/2

[Event "4th EUR-ch"]
[Site "Istanbul TUR"]
[Date "2003.06.03"]
[Round "5.68"]
[White "Atakisi, Umut"]
[Black "Minasian, Artashes"]
[Result "0-1"]
[WhiteElo "2303"]
[BlackElo "2555"]
[EventDate "2003.05.30"]
[PlyCount "130"]

1.e4 g6 2.d4 Bg7 3.Nc3 d6 4.Be3 a6 5.Qd2 b5 6.a4 b4 7.Nce2 a5 8.h4 h5 9.
Nh3 Bxh3 10.Rxh3 Nd7 11.O-O-O Ngf6 12.f3 Qc8 13.Nf4 c5 14.dxc5 Nxc5 15.
Bb5+ Kf8 16.Kb1 Rb8 17.e5 Ne8 18.Bxc5 Qxc5 19.Nd3 Qd4 20.Bxe8 Rxe8 21.exd6
exd6 22.Rhh1 Bf6 23.Qf4 Qxf4 24.Nxf4 Kg7 25.Rd5 Ra8 26.Ne2 Rhe8 27.Nc1 Ra6
28.g4 hxg4 29.fxg4 Re4 30.g5 Bd8 31.Nb3 Bc7 32.Nd4 Re5 33.Nb5 Bb8 34.Rhd1 
Rc6 35.Rxe5 dxe5 36.Rd8 Rb6 37.c4 bxc3 38.bxc3 f5 39.gxf6+ Kxf6 40.c4 e4 
41.c5 e3 42.Kc2 Re6 43.Nd4 e2 44.Nxe2 Rxe2+ 45.Kd3 Rb2 46.c6 Rb4 47.Rd7 
Rxh4 48.c7 Bxc7 49.Rxc7 Rxa4 50.Ke3 Rb4 51.Rc5 a4 52.Ra5 g5 53.Kf3 g4+ 54.
Kg3 Ke6 55.Kf2 Kd6 56.Ke3 g3 57.Kf3 Rb3+ 58.Kg2 a3 59.Kh3 Kc6 60.Kg2 Kb6 
61.Ra8 Kb5 62.Ra7 Kb4 63.Ra8 Kc3 64.Kxg3 Kb2+ 65.Kf2 a2 0-1

[Event "4th EUR-ch"]
[Site "Istanbul TUR"]
[Date "2003.06.03"]
[Round "5.71"]
[White "Meijers, Viesturs"]
[Black "Fridmans, Daniels"]
[Result "1/2-1/2"]
[WhiteElo "2512"]
[BlackElo "2621"]
[EventDate "2003.05.30"]
[PlyCount "24"]

1.e4 e5 2.Nf3 Nf6 3.Nxe5 d6 4.Nf3 Nxe4 5.Qe2 Qe7 6.d3 Nf6 7.Bg5 Qxe2+ 8.
Bxe2 Be7 9.Nc3 Bd7 10.O-O h6 11.Bh4 Nc6 12.Rfe1 O-O 1/2-1/2

[Event "4th EUR-ch"]
[Site "Istanbul TUR"]
[Date "2003.06.03"]
[Round "5.72"]
[White "De Vreugt, Dennis"]
[Black "Korneev, Oleg"]
[Result "1/2-1/2"]
[WhiteElo "2503"]
[BlackElo "2606"]
[EventDate "2003.05.30"]
[PlyCount "164"]

1.e4 c5 2.Nf3 d6 3.d4 cxd4 4.Nxd4 Nf6 5.Nc3 a6 6.Be3 e6 7.g4 e5 8.Nf5 g6 
9.g5 gxf5 10.exf5 d5 11.Qf3 d4 12.O-O-O Nbd7 13.Bd2 Qc7 14.gxf6 dxc3 15.
Bxc3 Qc6 16.Qg3 Bh6+ 17.Kb1 Bf4 18.Qd3 O-O 19.Rg1+ Kh8 20.Bb4 Nc5 21.Qc3 
Bxf5 22.Bxc5 Rfc8 23.Bd3 Qxf6 24.Qb4 Bg6 25.Qxb7 Rab8 26.Qe7 Qxe7 27.Bxe7 
Rb6 28.Bxg6 hxg6 29.Bg5 Bxg5 30.Rxg5 Rf6 31.Rd2 Re8 32.c4 Kg7 33.Rg3 Rh8 
34.h3 Rh4 35.Rc3 Rc6 36.b3 f5 37.Kc2 Kf6 38.Rcd3 Ke6 39.Kc3 e4 40.Re3 Rd6 
41.Rxd6+ Kxd6 42.Kd4 Rf4 43.c5+ Kc6 44.Rg3 Rxf2 45.Rxg6+ Kd7 46.Rg7+ Kc6 
47.Rg6+ Kd7 48.Rg7+ Kc6 49.Rg6+ Kd7 50.Rd6+ Ke7 51.a4 Rd2+ 52.Ke3 Rc2 53.
b4 Rc3+ 54.Kd4 Rxh3 55.Rxa6 Rd3+ 56.Kc4 Rd1 57.Rd6 Re1 58.b5 f4 59.b6 f3 
60.b7 f2 61.b8=Q f1=Q+ 62.Kd5 Qd3+ 63.Kc6 Qa6+ 64.Kc7 Qa5+ 65.Qb6 Qxb6+ 
66.Rxb6 Rc1 67.c6 Rc4 68.a5 e3 69.a6 e2 70.Rb1 Ra4 71.Re1 Ra2 72.Kb7 Rb2+ 
73.Kc8 Kd6 74.a7 Ra2 75.Kb7 Rb2+ 76.Ka6 Ra2+ 77.Kb5 Rb2+ 78.Kc4 Ra2 79.
Rxe2 Rxa7 80.Kb5 Ra1 81.Rd2+ Kc7 82.Rd7+ Kc8 1/2-1/2

[Event "4th EUR-ch"]
[Site "Istanbul TUR"]
[Date "2003.06.03"]
[Round "5.73"]
[White "Efimenko, Zahar"]
[Black "Arizmendi Martinez, Julen Luis"]
[Result "1-0"]
[WhiteElo "2599"]
[BlackElo "2516"]
[EventDate "2003.05.30"]
[PlyCount "56"]

1.e4 c5 2.Nf3 Nc6 3.d4 cxd4 4.Nxd4 Nf6 5.Nc3 e5 6.Ndb5 d6 7.Bg5 a6 8.Na3 
b5 9.Bxf6 gxf6 10.Nd5 f5 11.Bd3 Be6 12.O-O Bxd5 13.exd5 Ne7 14.c4 e4 15.
Be2 Bg7 16.Rb1 O-O 17.cxb5 axb5 18.Bxb5 Qa5 19.Bc6 Nxc6 20.dxc6 d5 21.Nc2 
Qc5 22.b4 Qxc6 23.Ne3 Qe6 24.Qxd5 f4 25.Nf5 Qf6 26.Rfd1 Rxa2 27.b5 Qe5 28.
Rd3 Rfa8 1-0

[Event "4th EUR-ch"]
[Site "Istanbul TUR"]
[Date "2003.06.03"]
[Round "5.74"]
[White "Istratescu, Andrei"]
[Black "Nikolaidis, Ioannis"]
[Result "1-0"]
[WhiteElo "2593"]
[BlackElo "2498"]
[EventDate "2003.05.30"]
[PlyCount "63"]

1.e4 c5 2.Nf3 d6 3.d4 Nf6 4.Nc3 cxd4 5.Nxd4 a6 6.Bg5 e6 7.f4 Qb6 8.Nb3 
Nbd7 9.Qd3 Qc7 10.a4 b6 11.Qh3 h6 12.Bh4 g6 13.Bd3 Bg7 14.O-O O-O 15.Kh1 
Bb7 16.Rae1 Rae8 17.Bf2 Nh5 18.Be3 Bxc3 19.bxc3 f5 20.e5 dxe5 21.fxe5 Nxe5
22.Be2 Qh7 23.Bxb6 Nf6 24.Bc5 Ne4 25.Bxf8 Rxf8 26.Bd3 Ng5 27.Qg3 Nd7 28.
Qc7 Bd5 29.c4 Be4 30.Nd2 Ba8 31.h4 Nf6 32.Qxh7+ 1-0

[Event "4th EUR-ch"]
[Site "Istanbul TUR"]
[Date "2003.06.03"]
[Round "5.75"]
[White "Genov, Petar"]
[Black "Markowski, Tomasz"]
[Result "1-0"]
[WhiteElo "2490"]
[BlackElo "2587"]
[EventDate "2003.05.30"]
[PlyCount "111"]

1.d4 d6 2.e4 Nf6 3.f3 e5 4.d5 a5 5.c4 Be7 6.Nc3 Nbd7 7.Nge2 Nc5 8.Be3 O-O 
9.Ng3 Ne8 10.Qd2 g6 11.Be2 Ng7 12.O-O Bd7 13.Bh6 f5 14.exf5 gxf5 15.f4 e4 
16.Nh5 Bf6 17.Kh1 Be8 18.Nxf6+ Qxf6 19.Bg5 Qg6 20.Rg1 Bd7 21.Nb5 Bxb5 22.
cxb5 e3 23.Qxe3 Rae8 24.Qf3 Ne4 25.Bh4 Qh6 26.g3 Qg6 27.Rae1 Qf7 28.b3 Kh8
29.Bc4 Nh5 30.Re2 Nhf6 31.Rd1 Nd7 32.h3 Ndc5 33.Kh2 h6 34.Rf1 Rg8 35.g4 
Ref8 36.Rg2 Rg7 37.a3 Rfg8 38.Rfg1 fxg4 39.hxg4 Rf8 40.Rf1 Nf6 41.Re1 Ng8 
42.Rf1 Nd7 43.Rg3 Re8 44.Rh3 Qg6 45.g5 Qc2+ 46.Rf2 Qb1 47.Rg2 Rf8 48.gxh6 
Rgf7 49.Qc3+ Ndf6 50.Bd3 Qd1 51.Bg6 Qxd5 52.h7 Ne7 53.Rg5 Qd1 54.Bf2 Qe2 
55.Rg2 Qe6 56.Re3 1-0

[Event "4th EUR-ch"]
[Site "Istanbul TUR"]
[Date "2003.06.03"]
[Round "5.76"]
[White "Sanduleac, Vasile"]
[Black "Burmakin, Vladimir"]
[Result "0-1"]
[WhiteElo "2492"]
[BlackElo "2569"]
[EventDate "2003.05.30"]
[PlyCount "91"]

1.e4 e6 2.d3 d5 3.Nd2 c5 4.Ngf3 Nc6 5.g3 b6 6.Bg2 dxe4 7.Nxe4 Bb7 8.O-O 
Be7 9.Bd2 Nf6 10.Ne5 Qc7 11.Nxc6 Bxc6 12.Bc3 h5 13.Nxf6+ Bxf6 14.Bxf6 gxf6
15.Qe2 f5 16.d4 Bxg2 17.Kxg2 cxd4 18.Qf3 O-O-O 19.Rfd1 Qb7 20.Qxb7+ Kxb7 
21.Rd3 h4 22.Rad1 e5 23.f4 f6 24.fxe5 fxe5 25.Rf3 h3+ 26.Kf1 Rh5 27.Ke2 
Rg5 28.Kd2 Kc6 29.Rdf1 Rf8 30.c3 dxc3+ 31.Rxc3+ Kb7 32.Rcf3 Rf7 33.Ke2 Kc8
34.Re3 f4 35.Rc3+ Kb7 36.Rcf3 Rc7 37.gxf4 Rg2+ 38.Kd3 exf4 39.R1f2 Rd7+ 
40.Kc3 Rf7 41.Kd4 a5 42.a4 Ka6 43.b3 b5 44.Ke4 b4 45.Kd5 Kb6 46.Ke6 0-1

[Event "4th EUR-ch"]
[Site "Istanbul TUR"]
[Date "2003.06.03"]
[Round "5.78"]
[White "Romero Holmes, Alfonso"]
[Black "Dizdarevic, Emir"]
[Result "0-1"]
[WhiteElo "2560"]
[BlackElo "2491"]
[EventDate "2003.05.30"]
[PlyCount "76"]

1.d4 d5 2.c4 e6 3.Nf3 c6 4.g3 dxc4 5.Bg2 Nd7 6.O-O b5 7.Ne5 Bb7 8.Nc3 Qc8 
9.b3 cxb3 10.Qxb3 Ngf6 11.Bg5 h6 12.Bxf6 gxf6 13.Nxd7 Qxd7 14.Ne4 Be7 15.
Rfd1 Rd8 16.Nc5 Bxc5 17.dxc5 Qc7 18.a4 a6 19.Qe3 Ke7 20.Rxd8 Rxd8 21.axb5 
axb5 22.Qxh6 Qe5 23.Re1 Qxc5 24.Rc1 Qg5 25.Qxg5 fxg5 26.f4 g4 27.Kf2 Rh8 
28.Rh1 Kd6 29.Ke3 f5 30.Kf2 Kc7 31.e4 c5 32.Re1 Rxh2 33.Kg1 Rxg2+ 34.Kxg2 
Bxe4+ 35.Kf2 b4 36.Ke3 Kc6 37.Rd1 b3 38.Rd2 Bc2 0-1

[Event "4th EUR-ch"]
[Site "Istanbul TUR"]
[Date "2003.06.03"]
[Round "5.79"]
[White "Iliushin, Alexei"]
[Black "Kupreichik, Viktor"]
[Result "1/2-1/2"]
[WhiteElo "2556"]
[BlackElo "2484"]
[EventDate "2003.05.30"]
[PlyCount "40"]

1.d4 d5 2.c4 c6 3.Nf3 Nf6 4.Nc3 dxc4 5.a4 Bf5 6.e3 e6 7.Bxc4 Bb4 8.O-O O-O
9.Qe2 Nbd7 10.e4 Bg6 11.Bd3 Bh5 12.e5 Nd5 13.Nxd5 cxd5 14.Qe3 h6 15.Bd2 
Qa5 16.Qe1 Bxd2 17.Qxd2 Qxd2 18.Nxd2 Rac8 19.Rfc1 Bg6 20.Bxg6 fxg6 1/2-1/2

[Event "4th EUR-ch"]
[Site "Istanbul TUR"]
[Date "2003.06.03"]
[Round "5.80"]
[White "Mastrovasilis, Athanasios"]
[Black "Dvoirys, Semen"]
[Result "1/2-1/2"]
[WhiteElo "2487"]
[BlackElo "2552"]
[EventDate "2003.05.30"]
[PlyCount "72"]

1.Nf3 c5 2.e3 Nf6 3.c4 e6 4.d4 d5 5.cxd5 Nxd5 6.Bc4 Nb6 7.Bd3 cxd4 8.exd4 
Bd7 9.O-O Bc6 10.Nc3 N8d7 11.Re1 Be7 12.Bc2 Rc8 13.a3 Nd5 14.Ne4 N5f6 15.
Nc3 O-O 16.Bg5 Qb6 17.d5 Bxd5 18.Nxd5 Nxd5 19.Bxe7 Nxe7 20.Bxh7+ Kxh7 21.
Qxd7 Ng6 22.Ng5+ Kg8 23.Qd1 Rc5 24.Qh5 Re8 25.h4 Rf5 26.Qh7+ Kf8 27.Ne4 
Rd8 28.h5 Nf4 29.h6 Qxb2 30.Rad1 Rxd1 31.Qh8+ Ke7 32.Rxd1 Ne2+ 33.Kf1 Nd4 
34.Kg1 Ne2+ 35.Kf1 Nd4 36.Kg1 Ne2+ 1/2-1/2

[Event "4th EUR-ch"]
[Site "Istanbul TUR"]
[Date "2003.06.03"]
[Round "5.82"]
[White "Volkmann, Friedrich"]
[Black "Dervishi, Erald"]
[Result "1/2-1/2"]
[WhiteElo "2435"]
[BlackElo "2535"]
[EventDate "2003.05.30"]
[PlyCount "44"]

1.e4 e5 2.Nf3 Nc6 3.Nc3 Nf6 4.Bb5 Nd4 5.Ba4 Bc5 6.Nxe5 O-O 7.Nd3 Bb6 8.e5 
Ne8 9.Nd5 d6 10.Ne3 Qg5 11.f4 Qg6 12.O-O f6 13.Kh1 c6 14.b4 a6 15.Bb2 Nf5 
16.Qf3 Kh8 17.Bb3 Nc7 18.exd6 Nb5 19.Rae1 Nfxd6 20.Nc5 Re8 21.d3 Bg4 22.
Qf2 Qh5 1/2-1/2

[Event "4th EUR-ch"]
[Site "Istanbul TUR"]
[Date "2003.06.03"]
[Round "5.83"]
[White "Mamedov, Rauf"]
[Black "Brynell, Stellan"]
[Result "1/2-1/2"]
[WhiteElo "2330"]
[BlackElo "2534"]
[EventDate "2003.05.30"]
[PlyCount "73"]

1.e4 e6 2.d4 d5 3.Nd2 c5 4.Ngf3 Nc6 5.exd5 exd5 6.Bb5 Bd6 7.dxc5 Bxc5 8.
O-O Ne7 9.Nb3 Bb6 10.c4 dxc4 11.Qxd8+ Bxd8 12.Bxc4 O-O 13.Be3 Bg4 14.Rfd1 
Ng6 15.h3 Bxf3 16.gxf3 Bb6 17.Bd5 Rae8 18.Bc5 Bxc5 19.Nxc5 Re7 20.Be4 Nf4 
21.h4 f5 22.Bxc6 bxc6 23.Nd3 Nxd3 24.Rxd3 Rf6 25.Kf1 Rh6 26.Rd4 g5 27.Rc1 
gxh4 28.Rcc4 h3 29.Rh4 Ree6 30.Rxh6 Rxh6 31.Kg1 Rg6+ 32.Kh2 Rg2+ 33.Kxh3 
Rxf2 34.Kg3 Rxb2 35.a4 Rb7 36.Rxc6 Kg7 37.a5 1/2-1/2

[Event "4th EUR-ch"]
[Site "Istanbul TUR"]
[Date "2003.06.03"]
[Round "5.84"]
[White "Godena, Michele"]
[Black "Mastrovasilis, Dimitrios"]
[Result "1/2-1/2"]
[WhiteElo "2527"]
[BlackElo "2456"]
[EventDate "2003.05.30"]
[PlyCount "65"]

1.e4 c5 2.Nf3 e6 3.c3 Nf6 4.e5 Nd5 5.Bc4 d6 6.d4 cxd4 7.cxd4 Nc6 8.O-O Nb6
9.Bd3 dxe5 10.dxe5 Nb4 11.Be4 Qxd1 12.Rxd1 Bd7 13.Bxb7 Nc2 14.Bxa8 Nxa8 
15.Nc3 Nxa1 16.Ne1 Nb6 17.Bf4 Bb4 18.Rxa1 Ke7 19.Bg5+ f6 20.exf6+ gxf6 21.
Bd2 Bc6 22.Nc2 Bd6 23.Nd4 Ba8 24.Re1 Kf7 25.Ne4 Bb8 26.Nc5 e5 27.Nf5 Rd8 
28.Bc1 Kg6 29.Ne7+ Kf7 30.Nf5 Kg6 31.Nh4+ Kf7 32.Nf5 Kg6 33.Nh4+ 1/2-1/2

[Event "4th EUR-ch"]
[Site "Istanbul TUR"]
[Date "2003.06.03"]
[Round "5.85"]
[White "Potkin, Vladimir"]
[Black "Hug, Werner"]
[Result "1/2-1/2"]
[WhiteElo "2522"]
[BlackElo "2453"]
[EventDate "2003.05.30"]
[PlyCount "55"]

1.e4 e6 2.d4 d5 3.e5 c5 4.c3 Nc6 5.Nf3 Qb6 6.a3 Nh6 7.b4 cxd4 8.cxd4 Nf5 
9.Bb2 Bd7 10.g4 Nfe7 11.Nc3 Na5 12.Nd2 Rc8 13.Rc1 Ng6 14.h4 Be7 15.g5 O-O 
16.Rg1 Nxh4 17.Bd3 g6 18.Qg4 Nf5 19.Bxf5 exf5 20.Qh4 Rfe8 21.Nxd5 Rxc1+ 
22.Bxc1 Qc6 23.Nxe7+ Rxe7 24.Bb2 Qc2 25.Rh1 f6 26.gxf6 Rf7 27.d5 Ba4 28.
Kf1 1/2-1/2

[Event "4th EUR-ch"]
[Site "Istanbul TUR"]
[Date "2003.06.03"]
[Round "5.87"]
[White "Conquest, Stuart"]
[Black "Grant, Jonathan"]
[Result "1-0"]
[WhiteElo "2556"]
[BlackElo "2253"]
[EventDate "2003.05.30"]
[PlyCount "101"]

1.e4 c6 2.d4 d5 3.e5 Bf5 4.Be3 e6 5.Nd2 Nd7 6.f4 a6 7.Ngf3 h6 8.Be2 Ne7 9.
O-O Bg4 10.h3 Nf5 11.Bf2 Bxf3 12.Nxf3 c5 13.c3 cxd4 14.cxd4 Qb6 15.Qc2 Ne7
16.Rac1 g6 17.g4 Nc6 18.a3 Be7 19.Bd3 O-O-O 20.Qa4 Nb8 21.b4 Rd7 22.Rc3 
Rc7 23.Rfc1 Kd7 24.Kh1 Rhc8 25.f5 gxf5 26.gxf5 Bg5 27.Ra1 Rf8 28.f6 Kc8 
29.Qc2 Nd7 30.h4 Bxf6 31.exf6 Nxf6 32.Bg3 Rd7 33.Ne5 Rc7 34.Nxc6 Rxc6 35.
Rxc6+ bxc6 36.Qc5 Qxc5 37.bxc5 Ne4 38.Bxe4 dxe4 39.Rb1 Rd8 40.Bd6 Rxd6 41.
cxd6 Kd7 42.Rb7+ Kxd6 43.Rxf7 Kd5 44.Kg2 Kxd4 45.Kf2 c5 46.Rd7+ Kc3 47.Ke3
Kb3 48.Ra7 e5 49.Rxa6 c4 50.Rxh6 Kxa3 51.Rc6 1-0

[Event "4th EUR-ch"]
[Site "Istanbul TUR"]
[Date "2003.06.03"]
[Round "5.88"]
[White "Erdogdu, Mert"]
[Black "Vajda, Levente"]
[Result "1-0"]
[WhiteElo "2303"]
[BlackElo "2592"]
[EventDate "2003.05.30"]
[PlyCount "81"]

1.e4 g6 2.d4 Bg7 3.Nf3 d6 4.Nc3 Nf6 5.Be2 O-O 6.O-O Nc6 7.Be3 Bg4 8.Qd2 a6
9.d5 Nb8 10.a4 e5 11.a5 Ne8 12.Ra4 Nd7 13.Ne1 Bxe2 14.Qxe2 f5 15.exf5 gxf5
16.f4 e4 17.g4 Nc5 18.Rc4 b5 19.axb6 cxb6 20.gxf5 b5 21.Rd4 Rc8 22.b4 Nb3 
23.cxb3 Rc6 24.Rxe4 Nf6 25.Re6 Nxd5 26.Bd2 Rxc3 27.Nf3 Rxb3 28.Qe4 Nf6 29.
Qd3 Qb6+ 30.Be3 Qb7 31.Rxd6 Rxb4 32.Bd2 Re4 33.Ng5 Re7 34.Ne6 Rfe8 35.Be3 
Kh8 36.Bd4 Ne4 37.Rb6 Qd5 38.Nxg7 Rg8 39.Rg6 Nf6 40.Nh5 Rgg7 41.Rxg7 1-0

[Event "4th EUR-ch"]
[Site "Istanbul TUR"]
[Date "2003.06.03"]
[Round "5.89"]
[White "Demir, Gokhan"]
[Black "Marin, Mihail"]
[Result "1/2-1/2"]
[WhiteElo "2245"]
[BlackElo "2568"]
[EventDate "2003.05.30"]
[PlyCount "78"]

1.d4 Nf6 2.c4 e6 3.Nc3 Bb4 4.e3 c5 5.Ne2 b6 6.a3 Ba5 7.Bd2 O-O 8.Qa4 Bxc3 
9.Bxc3 Ne4 10.d5 d6 11.g3 e5 12.Bg2 f5 13.Qc2 Nxc3 14.Nxc3 Nd7 15.f4 Qe7 
16.O-O Nf6 17.Rae1 e4 18.b4 Bd7 19.bxc5 bxc5 20.Rb1 Rfb8 21.Bh3 Rb6 22.Rb2
Rab8 23.Rfb1 Qd8 24.Rxb6 Rxb6 25.Rxb6 Qxb6 26.Qb1 Qa5 27.Qb3 Kf7 28.Kf2 
Ke7 29.Ke2 Qb6 30.Qxb6 axb6 31.Kd2 Kd8 32.Bf1 Kc7 33.Be2 Kb7 34.Kc2 Ka6 
35.Kb3 g6 36.h3 h5 37.h4 Ne8 38.a4 Kb7 39.Ka3 Nf6 1/2-1/2

[Event "4th EUR-ch"]
[Site "Istanbul TUR"]
[Date "2003.06.03"]
[Round "5.90"]
[White "Reinderman, Dimitri"]
[Black "Moor, Roger"]
[Result "1-0"]
[WhiteElo "2516"]
[BlackElo "2405"]
[EventDate "2003.05.30"]
[PlyCount "149"]

1.e4 c5 2.Nf3 e6 3.d4 cxd4 4.Nxd4 a6 5.Nc3 Nc6 6.Be3 Nxd4 7.Qxd4 b5 8.a4 
b4 9.Na2 Qa5 10.Bd3 Nf6 11.O-O Bb7 12.Rfe1 d5 13.e5 Nd7 14.Bd2 Bc5 15.Qf4 
d4 16.Nc1 Nf8 17.Nb3 Qc7 18.a5 Ng6 19.Qg3 Be7 20.Nxd4 Nh4 21.f3 O-O 22.Bg5
Bxg5 23.Qxg5 Ng6 24.Nb3 Rfd8 25.Ra4 Bd5 26.Rxb4 Bxb3 27.Rxb3 Qxa5 28.Re2 
Rac8 29.Qe3 Rd5 30.f4 Qa4 31.g3 a5 32.Ra3 Qb4 33.Ra2 Ne7 34.Qe4 Qb6+ 35.
Kg2 g6 36.Qe3 Qb4 37.Be4 Nf5 38.Qf2 Rd1 39.c3 Qb5 40.Bf3 Rcd8 41.g4 Ne7 
42.Rc2 R1d3 43.Be4 Rd1 44.Bf3 R1d3 45.Be4 Rd1 46.Ra3 a4 47.c4 Qb4 48.Rac3 
R8d4 49.Bf3 R1d3 50.Rxd3 Rxd3 51.Qe2 Qb3 52.Rd2 Re3 53.Qf2 g5 54.fxg5 Rxe5
55.Qd4 Qb4 56.h4 Kf8 57.Rf2 Qc5 58.Qxc5 Rxc5 59.Be2 Ng6 60.Kg3 Ne5 61.Rf4 
Ra5 62.Re4 a3 63.bxa3 Rxa3+ 64.Kf2 Nd7 65.Re3 Ra5 66.Rb3 Re5 67.Kf3 Kg7 
68.Rb5 Nc5 69.Bd1 h6 70.gxh6+ Kxh6 71.g5+ Kg7 72.Bc2 Nd7 73.h5 Nc5 74.h6+ 
Kf8 75.Rb8+ 1-0

[Event "4th EUR-ch"]
[Site "Istanbul TUR"]
[Date "2003.06.03"]
[Round "5.91"]
[White "Marcelin, Cyril"]
[Black "Olcayoz, Alper"]
[Result "1-0"]
[WhiteElo "2503"]
[BlackElo "2310"]
[EventDate "2003.05.30"]
[PlyCount "71"]

1.e4 e5 2.Nf3 Nf6 3.Nc3 Nc6 4.g3 d5 5.exd5 Nxd5 6.Bg2 Nxc3 7.bxc3 Bc5 8.
O-O O-O 9.Re1 Qf6 10.d3 h6 11.Be3 Bb6 12.Nd2 Ba5 13.Qc1 Bf5 14.Qb2 Bb6 15.
Nb3 Bg4 16.c4 a6 17.Bxb6 cxb6 18.Bxc6 Qxc6 19.Qxe5 Bh3 20.Qe4 Qc8 21.Nd4 
Rd8 22.Qf4 b5 23.Re7 f6 24.Rae1 Qc5 25.c3 bxc4 26.dxc4 Rd7 27.R7e3 h5 28.
f3 Rf7 29.g4 h4 30.Qf5 Qxc4 31.f4 Bxg4 32.Qxg4 Qxa2 33.Nf5 Kh7 34.Qh5+ Kg8
35.Re8+ Rf8 36.Ne7# 1-0

[Event "4th EUR-ch"]
[Site "Istanbul TUR"]
[Date "2003.06.03"]
[Round "5.92"]
[White "Valansi, Avram Alber"]
[Black "Vokarev, Sergei"]
[Result "0-1"]
[WhiteElo "2154"]
[BlackElo "2498"]
[EventDate "2003.05.30"]
[PlyCount "88"]

1.e4 c5 2.Nf3 g6 3.Nc3 Bg7 4.d4 cxd4 5.Nxd4 Nc6 6.Be3 Nf6 7.Bc4 O-O 8.Bb3 
d6 9.h3 Na5 10.O-O b6 11.Re1 Bb7 12.Bg5 Nxb3 13.axb3 h6 14.Bh4 a6 15.Qd3 
Re8 16.Rad1 b5 17.b4 Rc8 18.Nb3 Nd7 19.f4 Rc4 20.Na5 Rxb4 21.Nxb7 Qb6+ 22.
Bf2 Qxb7 23.e5 Rxf4 24.exd6 e6 25.Nd5 Rxf2 26.Kxf2 Ne5 27.Rxe5 Bxe5 28.d7 
Rd8 29.Ne7+ Kf8 30.Nc8 Kg7 31.b3 b4 32.Ne7 Qc7 33.Qe4 Bf6 34.Nc6 Rxd7 35.
Rxd7 Qxd7 36.Nxb4 Qd2+ 37.Kf3 Bd4 38.Nd3 e5 39.c4 f5 40.Qb7+ Kf6 41.Qc6+ 
Kg5 42.h4+ Kh5 43.g4+ fxg4+ 44.Ke4 Qg2# 0-1

[Event "4th EUR-ch"]
[Site "Istanbul TUR"]
[Date "2003.06.03"]
[Round "5.93"]
[White "Del Rio Angelis, Salvador Gabriel"]
[Black "Karadeniz, Emre"]
[Result "1-0"]
[WhiteElo "2490"]
[BlackElo "2308"]
[EventDate "2003.05.30"]
[PlyCount "77"]

1.d4 d5 2.c4 c6 3.Nf3 Nf6 4.Nc3 a6 5.c5 Nbd7 6.h3 Qc7 7.Bg5 e5 8.Bxf6 gxf6
9.e3 f5 10.g3 Bg7 11.Nh4 Nf6 12.Bd3 Ne4 13.Ne2 O-O 14.O-O f4 15.exf4 exd4 
16.Nxd4 Bxh3 17.Re1 Qd7 18.Ndf3 Rfe8 19.Qc2 Be6 20.Rad1 f5 21.Bxe4 fxe4 
22.Rxe4 Bg4 23.Ree1 Bf6 24.Rb1 Qg7 25.b3 Bc3 26.Re2 Rxe2 27.Qxe2 Kf8 28.
Qd3 Re8 29.Nh2 Be2 30.Qf5+ Qf7 31.Qc2 d4 32.N2f3 Qd5 33.Qxh7 Re6 34.Ng5 
Rf6 35.Qh8+ Ke7 36.Qg7+ Ke8 37.Ng6 Kd8 38.Nf7+ Qxf7 39.Qh8+ 1-0

[Event "4th EUR-ch"]
[Site "Istanbul TUR"]
[Date "2003.06.03"]
[Round "5.94"]
[White "Kayar, Erdem"]
[Black "Wells, Peter"]
[Result "0-1"]
[WhiteElo "2077"]
[BlackElo "2487"]
[EventDate "2003.05.30"]
[PlyCount "100"]

1.e4 c5 2.Nf3 Nc6 3.d4 cxd4 4.Nxd4 Nf6 5.Nc3 d6 6.Be2 g6 7.Be3 Bg7 8.Nb3 
O-O 9.f4 a5 10.a4 Be6 11.O-O Bxb3 12.cxb3 e6 13.Bf3 Re8 14.Rf2 d5 15.Rd2 
Qb8 16.e5 Nd7 17.Nb5 Bf8 18.Rc1 Rd8 19.g3 Bb4 20.Rdc2 Be7 21.Qe2 Nb4 22.
Rd2 Rc8 23.Rc3 b6 24.g4 Nc5 25.Nd4 Nca6 26.Nb5 Nc5 27.Nd4 Ne4 28.Bxe4 dxe4
29.Qg2 Nd5 30.Rxc8+ Qxc8 31.Qxe4 Qc1+ 32.Kg2 Rc8 33.Re2 Qd1 34.f5 Bc5 35.
Bf2 Bxd4 36.Bxd4 Nf4+ 37.Qxf4 Qxe2+ 38.Bf2 Rc2 39.Qd4 Rd2 40.Qf4 Rxb2 41.
f6 h6 42.h3 Rxb3 43.Kg1 g5 44.Qc1 Rb4 45.Qf1 Qxf1+ 46.Kxf1 Rc4 47.Be3 b5 
48.axb5 Rc5 49.h4 gxh4 50.Bxh6 a4 0-1

[Event "4th EUR-ch"]
[Site "Istanbul TUR"]
[Date "2003.06.03"]
[Round "5.95"]
[White "Dzhakaev, Dzhakay"]
[Black "Bayram, Yakup"]
[Result "0-1"]
[WhiteElo "2465"]
[BlackElo "2296"]
[EventDate "2003.05.30"]
[PlyCount "54"]

1.e4 e5 2.Nf3 Nc6 3.Nc3 Nf6 4.g3 d5 5.exd5 Nxd5 6.Bg2 Nxc3 7.bxc3 Bc5 8.
O-O O-O 9.Re1 Bb6 10.h3 Re8 11.d3 f6 12.d4 e4 13.Nd2 f5 14.Kh2 Be6 15.f3 
e3 16.Rxe3 f4 17.gxf4 Nxd4 18.Rd3 Qh4 19.cxd4 Bxh3 20.Ne4 Bg4+ 21.Kg1 Rxe4
22.Be3 Bh5 23.fxe4 Bxd1 24.Raxd1 c6 25.c4 Qg4 26.f5 Re8 27.f6 Rxe4 0-1

[Event "4th EUR-ch"]
[Site "Istanbul TUR"]
[Date "2003.06.03"]
[Round "5.96"]
[White "Yagupov, Igor"]
[Black "Oney, Feridun"]
[Result "1/2-1/2"]
[WhiteElo "2454"]
[BlackElo "2251"]
[EventDate "2003.05.30"]
[PlyCount "72"]

1.e4 Nf6 2.e5 Nd5 3.d4 d6 4.c4 Nb6 5.exd6 exd6 6.Nf3 Be7 7.Be2 O-O 8.O-O 
Bf5 9.Nc3 Bf6 10.b3 Nc6 11.Be3 d5 12.c5 Nc8 13.Ne1 h6 14.g4 Bh7 15.Bf3 
N8e7 16.a3 b6 17.Na4 Na5 18.Bh1 Qd7 19.f4 Qe6 20.Ng2 Be4 21.Re1 g5 22.Rc1 
Qd7 23.Nc3 Rae8 24.fxg5 hxg5 25.Bf2 Bg6 26.Ne3 c6 27.b4 Nc4 28.Nxc4 dxc4 
29.Ne4 Bxe4 30.Rxe4 b5 31.Bg3 Ng6 32.Bd6 Be7 33.Bg3 Bf6 34.Bd6 Be7 35.Bg3 
Bf6 36.Bd6 Be7 1/2-1/2

[Event "4th EUR-ch"]
[Site "Istanbul TUR"]
[Date "2003.06.03"]
[Round "5.97"]
[White "Zueger, Beat"]
[Black "Duman, Aydin"]
[Result "1/2-1/2"]
[WhiteElo "2448"]
[BlackElo "2185"]
[EventDate "2003.05.30"]
[PlyCount "128"]

1.c4 Nf6 2.g3 g6 3.Bg2 Bg7 4.Nc3 O-O 5.d3 c5 6.Rb1 e6 7.Nf3 d5 8.O-O Nc6 
9.Bd2 Qc7 10.Qc1 d4 11.Na4 Nd7 12.a3 a5 13.Qc2 b6 14.b4 axb4 15.axb4 cxb4 
16.Bxb4 Nxb4 17.Rxb4 Bf6 18.Nxd4 Rxa4 19.Nb5 Rxb4 20.Nxc7 Rb2 21.Qd1 Nc5 
22.d4 Nb3 23.e3 Bd7 24.Qd3 Na5 25.Rb1 Rxb1+ 26.Qxb1 Rc8 27.Qxb6 Nxc4 28.
Qc5 Bd8 29.Qxc4 Rxc7 30.Qf1 Be7 31.Bf3 Ra7 32.Kg2 Kg7 33.Qb1 Bf6 34.h4 h5 
35.Qc2 Be8 36.Qc5 Re7 37.e4 Rd7 38.d5 exd5 39.exd5 Be5 40.Qe3 f6 41.Qb6 
Bf7 42.Qb5 Rd6 43.Kf1 f5 44.Qe2 Kf6 45.Qe3 Bxd5 46.Bxd5 Rxd5 47.Qb6+ Rd6 
48.Qc5 Ke6 49.Qc8+ Kf7 50.Qc7+ Ke6 51.Qc4+ Ke7 52.Kg2 Re6 53.Qd5 Kf7 54.
Kf3 Bd6 55.Qc4 Ke7 56.Kg2 Kf6 57.Qd3 Be7 58.f3 Bd6 59.Qc4 Be5 60.Qc8 Kf7 
61.Qd7+ Re7 62.Qd5+ Kg7 63.Qc4 Bf6 64.Kf1 Kh7 1/2-1/2

[Event "4th EUR-ch"]
[Site "Istanbul TUR"]
[Date "2003.06.03"]
[Round "5.98"]
[White "Bartel, Mateusz"]
[Black "Azimi, Reza"]
[Result "1-0"]
[WhiteElo "2443"]
[BlackElo "2046"]
[EventDate "2003.05.30"]
[PlyCount "91"]

1.d4 Nf6 2.Nf3 g6 3.g3 Bg7 4.Bg2 d6 5.O-O O-O 6.a4 Nbd7 7.a5 c6 8.Re1 e5 
9.e4 Re8 10.Nc3 exd4 11.Nxd4 Nc5 12.Bf4 d5 13.exd5 Rxe1+ 14.Qxe1 Nxd5 15.
Nxd5 cxd5 16.Be5 Bf8 17.Nb5 f6 18.Bf4 g5 19.Be3 Qd7 20.Nc3 Ne4 21.Rd1 Nxc3
22.Qxc3 Qf7 23.Bxd5 Be6 24.Qb3 Bxd5 25.Qxd5 Qxd5 26.Rxd5 Rc8 27.c3 b6 28.
axb6 axb6 29.Bxb6 Rb8 30.Rb5 Bc5 31.Rxc5 Rxb6 32.b4 Rd6 33.Rc7 Rd1+ 34.Kg2
Rb1 35.Kf3 Rb2 36.g4 h6 37.Ke3 Kf8 38.Kd4 Rxf2 39.b5 f5 40.b6 Rb2 41.b7 
fxg4 42.Rc8+ Kf7 43.b8=Q Rxb8 44.Rxb8 h5 45.Ke5 Kg6 46.Rg8+ 1-0

[Event "4th EUR-ch"]
[Site "Istanbul TUR"]
[Date "2003.06.03"]
[Round "5.99"]
[White "Sulypa, Olexandr"]
[Black "Reyhan, Dogan"]
[Result "1-0"]
[WhiteElo "2492"]
[BlackElo "2161"]
[EventDate "2003.05.30"]
[PlyCount "123"]

1.c4 Nf6 2.Nc3 e5 3.g3 g6 4.Bg2 Bg7 5.e3 d6 6.Nge2 O-O 7.O-O Re8 8.d3 c6 
9.e4 a6 10.h3 b5 11.f4 exf4 12.gxf4 Qb6+ 13.Kh2 bxc4 14.dxc4 Be6 15.b3 Ra7
16.Qd3 c5 17.Bb2 Bc8 18.Rad1 Rd7 19.f5 g5 20.h4 Qd8 21.Kh1 g4 22.Qg3 Bb7 
23.Nf4 h5 24.Qf2 Rde7 25.Ncd5 Bxd5 26.Bxf6 Bxf6 27.Nxh5 Rxe4 28.Nxf6+ Qxf6
29.Rxd5 Rd4 30.Rxd4 Qxd4 31.Qf4 Nd7 32.Qxd4 cxd4 33.Bc6 Re7 34.Bxd7 Rxd7 
35.Rf4 Kg7 36.Rxg4+ Kf6 37.Rxd4 Kxf5 38.c5 d5 39.c6 Rd6 40.c7 Rc6 41.Rxd5+
Ke6 42.Ra5 Kd7 43.Kg2 Kxc7 44.Kg3 Kd7 45.Kg4 Ke7 46.Kg5 Kf8 47.b4 Kg7 48.
a3 Kh7 49.Rc5 Rd6 50.Re5 Kg7 51.a4 Rg6+ 52.Kf4 Rh6 53.Rg5+ Kh7 54.Rg4 Re6 
55.Kf5 Kh6 56.b5 axb5 57.axb5 Rb6 58.Rb4 Kg7 59.Ke5 Kf8 60.Kd5 Ke7 61.Kc5 
Rh6 62.b6 1-0